Átomos y Energía Atómica / (Record no. 8004)

000 -CABECERA
fixed length control field 00827nam a22002297a 4500
003 - IDENTIFICADOR DEL NÚMERO DE CONTROL
control field AR-CdUCM
008 - DATOS DE LONGITUD FIJA--INFORMACIÓN GENERAL
fixed length control field 190322b ||||| |||| 00| 0 spa d
040 ## - FUENTE DE LA CATALOGACIÓN
Agencia/entidad que catalogó originalmente la obra MUNICIPALIDAD PROVINCIAL DEL CUSCO
Entidad que transcribió la catalogación BIBLIOTECA MUNICIPAL DEL CUSCO
082 ## - NÚMERO DE LA CLASIFICACIÓN DECIMAL DEWEY
No. de Clasificación 541.2 /
Notacion interna L26
100 ## - ENTRADA PRINCIPAL--NOMBRE DE PERSONA
Nombre Personal Larsen, Egon
245 ## - MENCIÓN DE TÍTULO
Título Átomos y Energía Atómica /
260 ## - PUBLICACIÓN, DISTRIBUCIÓN, ETC.
Lugar de publicación, distribución, etc. Salamanca :
Nombre de la editorial, distribuidor, etc. Anaya,
Fecha de publicación, distribución, etc. 1970.
300 ## - DESCRIPCIÓN FÍSICA
Nº de Páginas Extensión 48 páginas ;
Otros detalles físicos ilustraciones, figuras,
Dimensiones 21 cm.
440 ## - MENCIÓN DE SERIE/PUNTO DE ACCESO ADICIONAL--TÍTULO
Título La Ciencia al descubierto.
9 (RLIN) 22609
505 ## - NOTA DE CONTENIDO CON FORMATO
Nota de contenido formateada Contenido: Ideas primitivas -- Los alquimistas -- Interviene la ciencia -- Las moléculas -- La radiación -- El átomo ...
650 ## - PUNTO DE ACCESO ADICIONAL DE MATERIA--TÉRMINO DE MATERIA
Descriptor Energía nuclear
9 (RLIN) 19264
650 ## - PUNTO DE ACCESO ADICIONAL DE MATERIA--TÉRMINO DE MATERIA
Descriptor Átomos
9 (RLIN) 18683
650 ## - PUNTO DE ACCESO ADICIONAL DE MATERIA--TÉRMINO DE MATERIA
Descriptor La radiación
9 (RLIN) 22610
700 ## - PUNTO DE ACCESO ADICIONAL--NOMBRE DE PERSONA
Nombre Personal Lodge, Bernard (ilustración)
9 (RLIN) 22611
942 ## - ELEMENTOS DE PUNTO DE ACCESO ADICIONAL (KOHA)
Fuente de clasificación
Tipo de item Libros-BMC
945 ## - PROCESAMIENTO DE INFORMACIÓN LOCAL (OCLC)
Catalogador achl
Holdings
Estado de retiro (separado) Fuente de clasificación o esquema de estanterías Estado dañado Ubicación Sala donde se ubica Nombre de la colección Fecha de adquisición o compra Costo, precio normal en soles Signatura topográfica Código de Barras Última vez visto (Koha) Tipo de ítem (Koha)
No     Sala Ciencias Sala Ciencias Book Cart 2019-03-22 20.00 541.2 / L26 SC0000000903 2019-03-22 Libros-BMC

Powered by Koha